| 000 | 02385cam a2200265 4500500 | ||
|---|---|---|---|
| 005 | 20260329005925.0 | ||
| 041 | _afre | ||
| 042 | _adc | ||
| 100 | 1 | 0 |
_aBrinzei, Monica _eauthor |
| 245 | 0 | 0 | _aJean Corbechon, Augustinian Bachelor of the Sentences at Paris (1369-1370) |
| 260 | _c2026. | ||
| 500 | _a96 | ||
| 520 | _aThe Augustian Friar Jean Corbechon is universally known for his translation of Bartholomeus Anglicus’ De proprietatibus rerum, which was funded by King Charles V. This paper aims to offer some new information about Corbechon as a bachelor in theology and to present some of his ideas from his participation in the principial debates held in Paris during the academic year 1369-1370. An appendix contains a transcription of the textual evidence found in manuscript Paris, BnF, lat. 15156, f. 52r-54v. | ||
| 520 | _aLe frère augustin Jean Corbechon est traditionnellement connu pour sa traduction du De proprietatibus rerum de Barthélemy l’Anglais, commanditée par le roi Charles V. Cet article apporte de nouveaux éléments sur Jean Corbechon, en tant que bachelier en théologie, et sur les idées soutenues lors de ses Principia à Paris, au cours de l’année universitaire 1369-1370. L’annexe de l’article contient des matériaux inédits transcrits à partir du manuscrit Paris, BnF, lat. 15156, f. 52r-54v. | ||
| 520 | _aIl frate agostiniano Jean Corbechon è conosciuto sopratutto per la traduzione del De proprietatibus rerum di Bartolomeo Anglico, patrocinata da Carlo V. L’articolo arreca nuove informazioni su Corbechon, baccelliere in teologia, e presenta alcune delle idee che sviluppò a Parigi durante i dibattiti dei Principia, a cui prese parte nell’anno accademico 1369-1370. L’appendice contiene la trascrizione delle testimonianze testuali scoperte nel manoscritto Paris, BnF, lat. 15156, f. 52r-54v. | ||
| 690 | _aAlfonsus Vargas Toletanus | ||
| 690 | _aCharles V | ||
| 690 | _aErmites de Saint-Augustin | ||
| 690 | _aJean Corbechon | ||
| 690 | _amérite de condigno | ||
| 690 | _amérite de congruo | ||
| 690 | _aPrincipia des Sentences | ||
| 786 | 0 | _nArchives d'histoire doctrinale et littéraire du Moyen Âge | 91 | 1 | 2026-02-05 | p. 69-89 | 0373-5478 | |
| 856 | 4 | 1 | _uhttps://shs.cairn.info/revue-archives-dhistoire-doctrinale-et-litteraire-du-moyen-age-2026-1-page-69?lang=en&redirect-ssocas=7080 |
| 999 |
_c1847913 _d1847913 |
||